Central Library OPAC University of Rajshahi

Electronic circuits : (Record no. 13855)

MARC details
000 -LEADER
fixed length control field 00825nam a2200253 a 4500
001 - CONTROL NUMBER
control field 13855
003 - CONTROL NUMBER IDENTIFIER
rucl marc code BD-RjUL
005 - DATE AND TIME OF LATEST TRANSACTION
control field 20211208235526.0
008 - FIXED-LENGTH DATA ELEMENTS--GENERAL INFORMATION
fixed length control field 160622s1964 nyua b 000 0 eng
035 ## - SYSTEM CONTROL NUMBER
System control number (BD-RjUL)13907
040 ## - CATALOGING SOURCE
Original cataloging agency DLC
Transcribing agency DLC
Modifying agency DLC
-- BD-RjUL
Language of cataloging eng
041 ## - LANGUAGE CODE
Language code of text/sound track or separate title eng
082 00 - DEWEY DECIMAL CLASSIFICATION NUMBER
Edition number 23
Classification number 621.3815
Author mark and year ANE 1964
100 1# - MAIN ENTRY--PERSONAL NAME
Personal name Angelo, E. J.
9 (RLIN) 43315
245 10 - TITLE STATEMENT
Title Electronic circuits :
Remainder of title A unified treatment of vacuum tubes and transistors /
Statement of responsibility, etc. E. J. Angelo.
250 ## - EDITION STATEMENT
Edition statement 2d ed.
260 ## - PUBLICATION, DISTRIBUTION, ETC. (IMPRINT)
Place of publication, distribution, etc. New York :
Name of publisher, distributor, etc. McGraw-Hill,
Date of publication, distribution, etc. c1964.
300 ## - PHYSICAL DESCRIPTION
Pagination xvi, 652 p. :
Illustrations ill. ;
Size 25 cm.
490 0# - SERIES STATEMENT
Series statement McGraw-Hill electrical and electronic engineering series.
500 ## - GENERAL NOTE
General note Includes index
650 #0 - SUBJECT ADDED ENTRY--TOPICAL TERM
Topical term or geographic name as entry element Electronic circuits.
9 (RLIN) 38587
830 ## - SERIES ADDED ENTRY--UNIFORM TITLE
Uniform title McGraw-Hill electrical and electronic engineering series.
942 ## - ADDED ENTRY ELEMENTS (KOHA)
Source of classification or shelving scheme Dewey Decimal Classification
Koha item type Books
Holdings
Lost status Source of classification or shelving scheme Damaged status Not for loan Collection code Permanent Location Current Location Shelving location Date acquired Source of acquisition Total Checkouts Full call number Date last seen Copy number Koha item type Cost, normal purchase price
  Dewey Decimal Classification   Not For Loan Non-fiction Central Library, University of Rajshahi Central Library, University of Rajshahi Reading Room 12/10/1973 U.S. Govt.   621.3815 ANE 1964 08/02/2014 C-5 Books  
  Dewey Decimal Classification   Not For Loan Non-fiction Central Library, University of Rajshahi Central Library, University of Rajshahi Reading Room 03/10/1970 Zeitlinger   621.3815 ANE 1964 06/10/2016 C-1 Books 130.00
  Dewey Decimal Classification     Non-fiction Central Library, University of Rajshahi Central Library, University of Rajshahi   03/10/1970 Zeitlinger   621.3815 ANE 1964 06/10/2016 C-2 Books 130.00
  Dewey Decimal Classification     Non-fiction Central Library, University of Rajshahi Central Library, University of Rajshahi   03/10/1970 Zeitlinger   621.3815 ANE 1964 06/10/2016 C-3 Books 130.00